Alfabetyczna Ameryka - Quiz - Statystyki

Ogólne statystyki
  • Ten quiz został rozwiązany 23 razy
  • Średni wynik to 18 z 26
Statystyki odpowiedzi
Wskazówka Odpowiedź % Poprawnych
C Napój gazowany, którego marka jest jedną z najpopularniejszych na świecie. Co ciekawe, od 1960 r. kształt butelki jest prawnie zastrzeżony Coca-Cola
95%
A Największy las świata Amazonia
84%
J Duży, centkowany kot nazywany "amerykańską panterą" Jaguar
84%
K Podróżnik, który odkrył Amerykę Krzysztof Kolumb
84%
D Państwo, na którego fladze jest największy procent koloru fioletowego Dominika
79%
E Państwo, do którego należy pacyficzny archipelag Galapagos Ekwador
79%
G Duńskie terytorium zależne na północy Grenlandia
79%
Ś Część Ameryki Północnej od Gwatemali do Panamy - Ameryka ________ Środkowa
79%
I Lud, którego imperium sięgało od Kolumbii po Argentynę; wybudował Machu Picchu Inkowie
74%
N Skrót od "National Aeronautics and Space Administration" NASA
74%
R Kot o brązowo-szarym futrze z czarnymi kropkami żyjący w lasach Ameryki Północnej Ryś
74%
T Obszar morski uznawany za miejsce zjawisk paranormalnych, w którym tajemniczo ginęły statki i samoloty Trójkąt Bermudzki
74%
W Imię angielskiej królowej, na której cześć nazwano jedną z największych kanadyjskich wysp Wiktoria
74%
Y Nazwa najstarszego parku narodowego na świecie Yellowstone
74%
Z Hudsona, Meksykańska czy Alaska Zatoka
74%
B Narodowe zwierzę Stanów Zjednoczonych Bielik Amerykański
68%
U Gatunek foki zamieszkujący np. Kalifornię czy Patagonię Uchatka
68%
Ż Jej gatunkiem jest np. drzewołaz czy rzekotka Żaba
68%
F Południowoamerykańskie wyspy na wschód od Argentyny; terytorium zależne Wielkiej Brytanii Falklandy
63%
L Określenie na ludzi mieszkających w Ameryce Łacińskiej; ich cechą jest np. oliwkowa lub orzechowa skóra Latynosi
63%
Ł Ryba morska oraz słodkowodna, która aby złożyć ikrę wraca do miejsca swojego wyklucia Łosoś
63%
O Inna nazwa storczyka Orchidea
63%
P Nazwa kanału łączącego Pacyfik z Morzem Karaibskim Panamski
63%
H Nazwa przylądka na południu Chile, gdzie spotykają się Ocean Atlantycki i Pacyfik Horn
47%
M Nazwa grupy wysp, w której znajdują się m. in. Grenada, St. Kitts i Nevis czy Antigua i Barbuda Małe Antyle
37%
S Nazwa "morza bez brzegów" Sargassowe
26%
Nie znaleziono quizów pasujących do podanych kryteriów
Rozkład punktacji
Procent ludzi z każdym wynikiem
Percentyl według liczby udzielonych odpowiedzi
Twoja historia wyników
Nie rozwiązałeś tego quizu